000 00274nam a2200109Ia 4500
008 200302s9999 xx 000 0 und d
100 _aRoger Yee
245 _aSports & Recreational Facilities
260 _bVisual Reference Publications Inc.,
260 _c2006
300 _a192
999 _c3601
_d3601